[Event "ITA-ch Lampo Online 2nd"]
[Site "Playchess.com INT"]
[Date "2007.12.23"]
[Round "4.2"]
[White "Napoli, Nicolo"]
[Black "Sautto, Daniele"]
[Result "1-0"]
[WhiteElo "2263"]
[BlackElo "2233"]
[PlyCount "109"]
[EventDate "2007.12.23"]
[EventType "k.o. (blitz)"]
[EventRounds "6"]
[EventCountry "ITA"]
[SourceTitle "EXT 2010"]
[Source "ChessBase"]
[SourceDate "2010.11.25"]
[SourceVersion "1"]
[SourceVersionDate "2010.11.25"]
[SourceQuality "1"]

1. e4 d5 2. exd5 Qxd5 3. Nc3 Qd8 4. d4 Nf6 5. Nf3 c6 6. Bg5 Bf5 7. Ne5 e6 8. g4 Bg6 9. h4 Bb4 10. h5 Be4 11. f3 Bd5 12. h6 g6 13. Qd2 Be7 14. 0-0-0 0-0 15. Bg2 Nfd7 16. Bxe7 Qxe7 17. f4 f6 18. Nd3 Qd6 19. Nxd5 exd5 20. f5 g5 21. Rde1 Rf7 22. Re8+ Rf8 23. Re6 Qc7 24. Rhe1 Na6 25. Re7 Rf7 26. Qe2 Raf8 27. Qe6 Nab8 28. Nc5 Qd8 29. Nxb7 Qxe7 30. Qxe7 Rxe7 31. Rxe7 Rf7 32. Rxf7 Kxf7 33. c4 Nb6 34. cxd5 Nxd5 35. Nd8+ Ke7 36. Nxc6+ Nxc6 37. Bxd5 Nxd4 38. Bg8 Kf8 39. Bxh7 Nc6 40. Bg6 Ne5 41. Bh5 Kg8 42. Kd2 Kh7 43. b4 Kxh6 44. a4 Kg7 45. a5 Kf8 46. b5 Ke7 47. Kc3 Kd6 48. Kb4 Nd3+ 49. Ka4 Nf4 50. b6 axb6 51. a6 Kc6 52. Be8+ Kc7 53. Kb5 Kb8 54. Kxb6 Nd5+ 55. Kc6 1-0

[Event "ITA-ch Lampo Online 2nd"]
[Site "Playchess.com INT"]
[Date "2007.12.23"]
[Round "3.3"]
[White "Sautto, Daniele"]
[Black "Vocaturo, Daniele"]
[Result "1-0"]
[WhiteElo "2233"]
[BlackElo "2383"]
[PlyCount "43"]
[EventDate "2007.12.23"]
[EventType "k.o. (blitz)"]
[EventRounds "6"]
[EventCountry "ITA"]
[SourceTitle "EXT 2010"]
[Source "ChessBase"]
[SourceDate "2010.11.25"]
[SourceVersion "1"]
[SourceVersionDate "2010.11.25"]
[SourceQuality "1"]

1. Nf3 Nf6 2. e4 Nxe4 3. d4 d5 4. Bd3 g6 5. 0-0 Bg7 6. Re1 Nf6 7. c4 c6 8. Nc3 0-0 9. Bg5 h6 10. Bf4 Be6 11. Bxg6 dxc4 12. Bc2 Nd5 13. Be5 Nxc3 14. bxc3 Bg4 15. h3 Bh5 16. Qe2 e6 17. Bxg7 Bxf3 18. Qe5 Qd5 19. Bxf8 Qxe5 20. dxe5 Bd5 21. Bxh6 b5 22. Re3 1-0

[Event "ITA-ch Lampo Online 2nd playoff"]
[Site "Playchess.com INT"]
[Date "2007.12.23"]
[Round "1"]
[White "Vocaturo, Daniele"]
[Black "Sautto, Daniele"]
[Result "0-1"]
[WhiteElo "2383"]
[BlackElo "2233"]
[PlyCount "84"]
[EventDate "2007.12.23"]
[EventType "tourn (blitz)"]
[EventRounds "3"]
[EventCountry "ITA"]
[SourceTitle "EXT 2010"]
[Source "ChessBase"]
[SourceDate "2010.11.25"]
[SourceVersion "1"]
[SourceVersionDate "2010.11.25"]
[SourceQuality "1"]

1. e4 d5 2. exd5 Qxd5 3. Nc3 Qe5+ 4. Be2 c6 5. Nf3 Qc7 6. d4 Bf5 7. Ne5 Nd7 8. Bf4 Nxe5 9. Bxe5 Qa5 10. 0-0 e6 11. a3 Nf6 12. Bf3 Qd8 13. Qe2 Be7 14. b4 0-0 15. Na4 Bd6 16. Rad1 Qe7 17. Nc5 Rab8 18. h3 Nd7 19. Bxd6 Qxd6 20. c4 b6 21. Ne4 Qc7 22. Ng3 Bg6 23. Rfe1 Rbd8 24. Rc1 Nf6 25. Red1 c5 26. dxc5 bxc5 27. b5 Rd4 28. Rxd4 cxd4 29. c5 Rd8 30. Qd2 e5 31. Bd1 e4 32. a4 e3 33. Qe1 Qe5 34. fxe3 dxe3 35. Nf1 Nd5 36. Bf3 Be4 37. Bxe4 Qxe4 38. c6 Qd4 39. Kh1 Qe4 40. Rd1 Re8 41. Qe2 Nf4 42. Qxe3 Qxg2# 0-1

[Event "Stare Mesto op"]
[Site "Stare Mesto"]
[Date "2007.08.15"]
[Round "7"]
[White "Knotek, Josef"]
[Black "Sautto, Daniele"]
[Result "1/2-1/2"]
[WhiteElo "2068"]
[BlackElo "2196"]
[PlyCount "92"]
[EventDate "2007.08.10"]
[EventType "swiss"]
[EventRounds "10"]
[EventCountry "CZE"]
[SourceTitle "CBM 119 Extra"]
[Source "ChessBase"]
[SourceDate "2007.09.04"]
[SourceVersion "1"]
[SourceVersionDate "2007.09.04"]
[SourceQuality "1"]

1. d4 d5 2. Nf3 c6 3. e3 Bf5 4. Bd3 e6 5. Bxf5 exf5 6. Qd3 g6 7. c4 dxc4 8. Qxc4 Bd6 9. Nc3 Nf6 10. 0-0 0-0 11. b4 a6 12. Bb2 Qe7 13. a3 Nbd7 14. Rfe1 Ne4 15. h3 Rfd8 16. Qe2 a5 17. b5 Nxc3 18. Bxc3 Bxa3 19. bxc6 bxc6 20. Qc4 Nb6 21. Qxc6 Rdc8 22. Qxb6 Rxc3 23. Reb1 Qa7 24. Qb5 Rac8 25. Ne5 Kg7 26. Nd7 Bd6 27. Nc5 Bxc5 28. Rxa5 Qb6 29. Qxb6 Bxb6 30. Rxb6 Rc1+ 31. Kh2 R8c2 32. Rab5 Rxf2 33. Rb2 Rxb2 34. Rxb2 Re1 35. Rb3 f4 36. exf4 Re4 37. Rd3 Rxf4 38. Kg3 g5 39. d5 Kf8 40. d6 Ke8 41. Rd5 h6 42. d7+ Kd8 43. Rd2 h5 44. Kh2 Rf5 45. g4 hxg4 46. hxg4 Rf4 1/2-1/2

[Event "Rome Accademia op"]
[Site "Rome"]
[Date "2007.02.02"]
[Round "1"]
[White "Sautto, Daniele"]
[Black "Foschini, Andrea"]
[Result "1-0"]
[WhiteElo "2157"]
[BlackElo "1926"]
[PlyCount "57"]
[EventDate "2007.02.02"]
[EventType "swiss"]
[EventRounds "5"]
[EventCountry "ITA"]
[SourceTitle "EXT 2008"]
[Source "ChessBase"]
[SourceDate "2007.11.25"]
[SourceVersion "1"]
[SourceVersionDate "2007.11.25"]
[SourceQuality "1"]

1. e4 c5 2. c3 d5 3. exd5 Qxd5 4. d4 Nc6 5. Nf3 Nf6 6. Be2 e6 7. 0-0 Be7 8. Be3 cxd4 9. Nxd4 e5 10. c4 Qa5 11. Nb3 Qc7 12. Nc3 Be6 13. Nc5 0-0 14. Nxe6 fxe6 15. Bg4 Nxg4 16. Qxg4 Rf6 17. Qe4 Nd4 18. Rad1 Bc5 19. Nb5 Nxb5 20. Bxc5 Nc3 21. bxc3 Qxc5 22. Qxb7 Raf8 23. Rd7 R6f7 24. Rxf7 Rxf7 25. Qb5 Rc7 26. Qe8+ Qf8 27. Qxe6+ Qf7 28. Qxe5 Qxc4 29. Qe8# 1-0

[Event "Bratto op 26th"]
[Site "Bratto"]
[Date "2006.08.26"]
[Round "8"]
[White "Sautto, Daniele"]
[Black "Vezzosi, Paolo"]
[Result "1/2-1/2"]
[WhiteElo "2152"]
[BlackElo "2356"]
[PlyCount "64"]
[EventDate "2006.08.19"]
[EventType "swiss"]
[EventRounds "9"]
[EventCountry "ITA"]
[SourceTitle "CBM 113 Extra"]
[Source "ChessBase"]
[SourceDate "2006.09.14"]
[SourceVersion "1"]
[SourceVersionDate "2006.09.14"]
[SourceQuality "1"]

1. e4 c5 2. c3 Nf6 3. e5 Nd5 4. d4 cxd4 5. Nf3 e6 6. cxd4 d6 7. Bc4 Nc6 8. Qe2 Be7 9. 0-0 0-0 10. Rd1 Na5 11. b3 Nxc4 12. bxc4 Nc7 13. exd6 Bxd6 14. Bg5 Be7 15. Bxe7 Qxe7 16. Nc3 Rd8 17. Ne5 f6 18. Nf3 Qf7 19. d5 exd5 20. cxd5 Bg4 21. Rd4 Bxf3 22. Qxf3 Rd6 23. Rad1 Rad8 24. a4 h6 25. Qd3 b6 26. h3 R8d7 27. Qc4 Rd8 28. Nb5 Rxd5 29. Rxd5 Rxd5 30. Rxd5 Nxd5 31. Nxa7 Qxa7 32. Qxd5+ Kf8 1/2-1/2

[Event "Bratto op 26th"]
[Site "Bratto"]
[Date "2006.08.24"]
[Round "6"]
[White "Sautto, Daniele"]
[Black "Gangemi, Salvatore"]
[Result "1-0"]
[WhiteElo "2152"]
[BlackElo "2077"]
[PlyCount "69"]
[EventDate "2006.08.19"]
[EventType "swiss"]
[EventRounds "9"]
[EventCountry "ITA"]
[SourceTitle "CBM 113 Extra"]
[Source "ChessBase"]
[SourceDate "2006.09.14"]
[SourceVersion "1"]
[SourceVersionDate "2006.09.14"]
[SourceQuality "1"]

1. e4 e6 2. d4 d5 3. Nd2 dxe4 4. Nxe4 Nd7 5. Nf3 Ngf6 6. Nxf6+ Nxf6 7. Bg5 Be7 8. Bd3 c5 9. dxc5 Qa5+ 10. Bd2 Qxc5 11. Qe2 a6 12. 0-0-0 Bd7 13. Kb1 Bb5 14. c4 Bc6 15. Ne5 0-0 16. Rhg1 Rfd8 17. Nxc6 Qxc6 18. Bc3 Nd7 19. Be4 Qc7 20. Rd3 Nf6 21. Rh3 Nxe4 22. Qxe4 g6 23. Qe3 Bf8 24. Qg5 Qc5 25. Qh4 Qf5+ 26. Ka1 h6 27. a3 Rd7 28. Re1 b5 29. g4 Qf4 30. Be5 Qd2 31. Ree3 Bg7 32. Bxg7 Kxg7 33. Qxh6+ Kf6 34. Rhf3+ Ke7 35. Qh4+ 1-0

[Event "ITA-ch final g/5' 1st"]
[Site "Playchess.com INT"]
[Date "2006.03.01"]
[Round "1.1"]
[White "Brunello, Sabino"]
[Black "Sautto, Daniele"]
[Result "0-1"]
[WhiteElo "2301"]
[BlackElo "2166"]
[PlyCount "138"]
[EventDate "2006.03.01"]
[EventType "k.o. (blitz)"]
[EventRounds "3"]
[EventCountry "ITA"]
[SourceTitle "CBM 111 Extra"]
[Source "ChessBase"]
[SourceDate "2006.05.09"]
[SourceVersion "1"]
[SourceVersionDate "2006.05.09"]
[SourceQuality "1"]

1. e4 d5 2. exd5 Qxd5 3. Nc3 Qe5+ 4. Be2 c6 5. Nf3 Qc7 6. 0-0 Bf5 7. d4 e6 8. Re1 Nf6 9. Ne5 Nbd7 10. Bf3 Nxe5 11. dxe5 Nd7 12. Bf4 Be7 13. Be4 Nc5 14. Bxf5 exf5 15. Qf3 Ne6 16. Ne2 0-0 17. Rad1 Rfd8 18. Bc1 g6 19. Nf4 Rxd1 20. Qxd1 Rd8 21. Qe2 Qd7 22. Nxe6 Qxe6 23. b3 Bc5 24. Bb2 Bb6 25. Rd1 Rd7 26. Kf1 h5 27. f4 Rd5 28. c4 Rxd1+ 29. Qxd1 Qe7 30. Bd4 Qd7 31. e6 fxe6 32. Qe2 Bxd4 33. Qd3 c5 34. Qf3 Qc6 35. Qxc6 bxc6 36. g3 Kf7 37. Ke2 e5 38. Kd3 exf4 39. gxf4 Ke6 40. Ke2 Bg1 41. h3 Bd4 42. Kf3 Bg7 43. Ke2 a5 44. Ke3 Bh6 45. h4 Bf8 46. a4 Be7 47. Kf3 Bxh4 48. Kg2 Bf6 49. Kf3 g5 50. fxg5 Bxg5 51. Kg3 Ke5 52. Kf3 Kd4 53. Kg2 Kc3 54. Kf3 Kxb3 55. Kg2 Kxc4 56. Kf3 Kb4 57. Kg2 Kxa4 58. Kf3 Kb4 59. Kg2 Kc4 60. Kf3 Kd4 61. Kg2 c4 62. Kf3 c3 63. Kg2 c2 64. Kf3 c1Q 65. Kg2 Qd2+ 66. Kf3 Qe3+ 67. Kg2 Ke4 68. Kf1 Qd2 69. Kg1 Kf3 0-1

[Event "ITA-ch sf g/5' 1st"]
[Site "Playchess.com INT"]
[Date "2006.02.25"]
[Round "8"]
[White "Facchetti, Gianni"]
[Black "Sautto, Daniele"]
[Result "0-1"]
[WhiteElo "2131"]
[BlackElo "2166"]
[PlyCount "120"]
[EventDate "2006.02.25"]
[EventType "swiss (blitz)"]
[EventRounds "11"]
[EventCountry "ITA"]
[SourceTitle "CBM 111 Extra"]
[Source "ChessBase"]
[SourceDate "2006.05.09"]
[SourceVersion "1"]
[SourceVersionDate "2006.05.09"]
[SourceQuality "1"]

1. e4 d5 2. exd5 Qxd5 3. Nc3 Qe5+ 4. Qe2 Qxe2+ 5. Bxe2 c6 6. Bf3 Nf6 7. d3 Bf5 8. Nge2 e6 9. Bf4 Nbd7 10. a4 Nb6 11. a5 Nbd5 12. Bd2 a6 13. Nxd5 cxd5 14. Bc3 Be7 15. 0-0 Kd7 16. Rfe1 Rac8 17. Rac1 Bg6 18. Nf4 Bf5 19. h3 h6 20. Nh5 Nxh5 21. Bxh5 f6 22. g4 Bh7 23. g5 hxg5 24. Bg4 f5 25. Bf3 Bg6 26. Kg2 Bf6 27. Be5 Bf7 28. c3 Rh4 29. Bg3 Ra4 30. d4 Rxa5 31. Ra1 Rxa1 32. Rxa1 Be7 33. Rh1 f4 34. h4 fxg3 35. fxg3 gxh4 36. gxh4 Rh8 37. h5 Bg5 38. Kg3 g6 39. Kg4 Bd2 40. hxg6 Rg8 41. Rh7 Rxg6+ 42. Kh3 Rh6+ 43. Rxh6 Bxh6 44. Kg4 Bc1 45. b3 Bb2 46. c4 Bxd4 47. cxd5 exd5 48. Kf4 Kd6 49. Bg4 b5 50. Bc8 a5 51. Ba6 Kc5 52. Kf5 Be3 53. Kf6 Bh5 54. Ke6 d4 55. Bb7 Bd1 56. b4+ Kxb4 57. Be4 a4 58. Kd5 Bb3+ 59. Kc6 a3 60. Kb6 a2 0-1

[Event "ITA-ch sf g/5' 1st"]
[Site "Playchess.com INT"]
[Date "2006.02.25"]
[Round "2"]
[White "Rombaldoni, Axel"]
[Black "Sautto, Daniele"]
[Result "1/2-1/2"]
[WhiteElo "2123"]
[BlackElo "2166"]
[PlyCount "65"]
[EventDate "2006.02.25"]
[EventType "swiss (blitz)"]
[EventRounds "11"]
[EventCountry "ITA"]
[SourceTitle "CBM 111 Extra"]
[Source "ChessBase"]
[SourceDate "2006.05.09"]
[SourceVersion "1"]
[SourceVersionDate "2006.05.09"]
[SourceQuality "1"]

1. e4 d5 2. exd5 Qxd5 3. Nc3 Qe5+ 4. Qe2 Qxe2+ 5. Bxe2 c6 6. d4 Bf5 7. Kd1 e6 8. Bf4 Nf6 9. h3 Nbd7 10. Nf3 h6 11. a4 Bb4 12. Bd2 0-0 13. g4 Bh7 14. g5 hxg5 15. Nxg5 Bf5 16. Nb1 Be7 17. Na3 Rfd8 18. Nc4 Nb6 19. Ne5 Rxd4 20. Kc1 Ne4 21. Nxe4 Bxe4 22. Rg1 Bf6 23. Ng4 Bh4 24. Bc3 Rd5 25. Nh6+ Kh7 26. Nxf7 Bg6 27. Ne5 Bf5 28. Nf3 Bf6 29. Ng5+ Kh6 30. Nf7+ Kh7 31. Ng5+ Kh6 32. Nf7+ Kh7 33. Ng5+ 1/2-1/2

[Event "ITA-ch sf g/5' 1st"]
[Site "Playchess.com INT"]
[Date "2006.02.25"]
[Round "6"]
[White "Sautto, Daniele"]
[Black "Corso, Roberto"]
[Result "1-0"]
[WhiteElo "2166"]
[BlackElo "2101"]
[PlyCount "33"]
[EventDate "2006.02.25"]
[EventType "swiss (blitz)"]
[EventRounds "11"]
[EventCountry "ITA"]
[SourceTitle "CBM 111 Extra"]
[Source "ChessBase"]
[SourceDate "2006.05.09"]
[SourceVersion "1"]
[SourceVersionDate "2006.05.09"]
[SourceQuality "1"]

1. e4 c5 2. c3 e6 3. d4 Nf6 4. e5 Nd5 5. Nf3 cxd4 6. cxd4 b6 7. Nc3 Nxc3 8. bxc3 Qc7 9. Bd2 Bb7 10. Bd3 h6 11. 0-0 d6 12. Re1 Nd7 13. Rc1 dxe5 14. Nxe5 Nxe5 15. Rxe5 Bd6 16. Rh5 Qc6 17. Bb5 1-0

[Event "ITA-ch sf g/5' 1st"]
[Site "Playchess.com INT"]
[Date "2006.02.25"]
[Round "5"]
[White "Sautto, Daniele"]
[Black "Rombaldoni, Denis"]
[Result "0-1"]
[WhiteElo "2166"]
[BlackElo "2292"]
[PlyCount "62"]
[EventDate "2006.02.25"]
[EventType "swiss (blitz)"]
[EventRounds "11"]
[EventCountry "ITA"]
[SourceTitle "CBM 111 Extra"]
[Source "ChessBase"]
[SourceDate "2006.05.09"]
[SourceVersion "1"]
[SourceVersionDate "2006.05.09"]
[SourceQuality "1"]

1. e4 c6 2. d4 d5 3. Nd2 dxe4 4. Nxe4 Nf6 5. Nxf6+ gxf6 6. Nf3 Bg4 7. Be3 e6 8. g3 Nd7 9. Bg2 Nb6 10. 0-0 Qc7 11. b3 Nd5 12. Bc1 0-0-0 13. c4 Nb6 14. Qe1 Bg7 15. Bb2 Bxf3 16. Bxf3 f5 17. Rd1 h5 18. a4 h4 19. Kg2 hxg3 20. hxg3 Nd7 21. a5 Nb8 22. b4 Rh7 23. Qe2 f4 24. b5 Bf6 25. a6 bxa6 26. bxc6 Rg7 27. g4 Nxc6 28. d5 Bxb2 29. Qxb2 Ne5 30. d6 Nxg4 31. dxc7 Ne3+ 0-1

[Event "ITA-ch sf g/5' 1st"]
[Site "Playchess.com INT"]
[Date "2006.02.25"]
[Round "7"]
[White "Scalcione, Michelangelo"]
[Black "Sautto, Daniele"]
[Result "1-0"]
[WhiteElo "2300"]
[BlackElo "2166"]
[PlyCount "77"]
[EventDate "2006.02.25"]
[EventType "swiss (blitz)"]
[EventRounds "11"]
[EventCountry "ITA"]
[SourceTitle "CBM 111 Extra"]
[Source "ChessBase"]
[SourceDate "2006.05.09"]
[SourceVersion "1"]
[SourceVersionDate "2006.05.09"]
[SourceQuality "1"]

1. Nf3 d5 2. d4 c6 3. c4 e6 4. Qc2 f5 5. g3 Nf6 6. Bg2 Be7 7. 0-0 0-0 8. b3 Bd7 9. Ba3 Bxa3 10. Nxa3 Qe7 11. Qb2 Be8 12. Nc2 Nbd7 13. Nce1 Bh5 14. Nd3 Rac8 15. Nfe5 Nxe5 16. dxe5 Nd7 17. Rac1 h6 18. Rc2 g5 19. Rfc1 Rce8 20. f4 Bg6 21. cxd5 exd5 22. Qd4 a6 23. Kh1 Rf7 24. a4 Nf8 25. Nc5 Ne6 26. Nxe6 Qxe6 27. b4 Rc8 28. e3 g4 29. Bxd5 cxd5 30. Rxc8+ Kh7 31. R1c7 h5 32. Rxf7+ Bxf7 33. Rc7 h4 34. Rxb7 hxg3 35. hxg3 Qh6+ 36. Kg1 Qh3 37. Rxf7+ Kg6 38. Rf6+ Kg7 39. Qa7+ 1-0

[Event "Cattolica op"]
[Site "Cattolica"]
[Date "2005.06.18"]
[Round "8"]
[White "Sautto, Daniele"]
[Black "Lazarev, Vladimir"]
[Result "0-1"]
[WhiteElo "2119"]
[BlackElo "2507"]
[PlyCount "40"]
[EventDate "2005.06.11"]
[EventType "swiss"]
[EventRounds "9"]
[EventCountry "ITA"]
[SourceTitle "EXT 2007"]
[Source "ChessBase"]
[SourceDate "2006.11.23"]
[SourceVersion "1"]
[SourceVersionDate "2006.11.23"]
[SourceQuality "1"]

1. e4 c5 2. c3 Nf6 3. e5 Nd5 4. d4 cxd4 5. Qxd4 e6 6. Nf3 Nc6 7. Qe4 Qc7 8. Nbd2 f5 9. exf6 Nxf6 10. Qh4 d5 11. Bd3 Bd6 12. Bg6+ Ke7 13. 0-0 Bd7 14. Bc2 h6 15. Bg6 Raf8 16. Re1 Kd8 17. c4 Ne7 18. Bd3 g5 19. Qd4 Bc5 20. Qe5 Bxf2+ 0-1

[Event "Cattolica op"]
[Site "Cattolica"]
[Date "2005.06.17"]
[Round "7"]
[White "Dittmar, Peter"]
[Black "Sautto, Daniele"]
[Result "1/2-1/2"]
[WhiteElo "2319"]
[BlackElo "2119"]
[PlyCount "93"]
[EventDate "2005.06.11"]
[EventType "swiss"]
[EventRounds "9"]
[EventCountry "ITA"]
[SourceTitle "EXT 2007"]
[Source "ChessBase"]
[SourceDate "2006.11.23"]
[SourceVersion "1"]
[SourceVersionDate "2006.11.23"]
[SourceQuality "1"]

1. c4 e6 2. g3 Nf6 3. Bg2 d5 4. Nf3 Be7 5. 0-0 0-0 6. b3 b6 7. Bb2 Bb7 8. e3 dxc4 9. bxc4 c5 10. Qe2 Nc6 11. d3 Qc7 12. Nc3 Rad8 13. Rfd1 Rd7 14. Ne1 Rfd8 15. f4 Qb8 16. g4 Nb4 17. Bxb7 Qxb7 18. g5 Ne8 19. a3 Nc6 20. Rab1 Nd6 21. Kf2 Nf5 22. Ne4 a6 23. Qg4 b5 24. Nf6+ Bxf6 25. gxf6 g6 26. e4 Nfd4 27. Qg5 Kh8 28. cxb5 axb5 29. Bxd4 Nxd4 30. Qxc5 Rc7 31. Qb4 Qa7 32. Kf1 Nc2 33. Nxc2 Rxc2 34. Rd2 Rxd2 35. Qxd2 Qxa3 36. Ke2 Qc5 37. Kf3 Qd4 38. Rxb5 Qxf6 39. Ke2 Kg8 40. Rb3 Qh4 41. Kd1 Ra8 42. Kc2 h5 43. Kb2 Qh3 44. Ra3 Rb8+ 45. Rb3 Ra8 46. Ra3 Rb8+ 47. Rb3 1/2-1/2

[Event "Cattolica op"]
[Site "Cattolica"]
[Date "2005.06.16"]
[Round "6"]
[White "Sautto, Daniele"]
[Black "Radovanovic, Jovica"]
[Result "1/2-1/2"]
[WhiteElo "2119"]
[BlackElo "2340"]
[PlyCount "115"]
[EventDate "2005.06.11"]
[EventType "swiss"]
[EventRounds "9"]
[EventCountry "ITA"]
[SourceTitle "EXT 2007"]
[Source "ChessBase"]
[SourceDate "2006.11.23"]
[SourceVersion "1"]
[SourceVersionDate "2006.11.23"]
[SourceQuality "1"]

1. e4 e5 2. Nf3 Nc6 3. Bb5 a6 4. Ba4 Nf6 5. 0-0 Be7 6. Re1 b5 7. Bb3 d6 8. c3 0-0 9. h3 Nd7 10. a4 Bb7 11. d4 Bf6 12. d5 Ne7 13. axb5 axb5 14. Rxa8 Qxa8 15. Na3 Ba6 16. Nc2 Nc5 17. Nb4 Nxb3 18. Qxb3 Bc8 19. Rd1 Bd7 20. Be3 Rb8 21. Ne1 h6 22. Nec2 Qa4 23. Qxa4 bxa4 24. f3 Bg5 25. Kf2 Bxe3+ 26. Kxe3 h5 27. h4 f5 28. g3 fxe4 29. fxe4 Rf8 30. Nd3 Nc8 31. Nf2 Nb6 32. Na3 Rf6 33. Rd2 Kf8 34. Nd3 Ke7 35. Rf2 Rg6 36. Kf3 c6 37. c4 c5 38. Ne1 Bg4+ 39. Kg2 Bd1 40. Nec2 Bxc2 41. Rxc2 Rh6 42. Rc1 Rh8 43. Kf3 Rf8+ 44. Ke3 Nd7 45. Nb5 Rb8 46. Rf1 g6 47. Kd3 Ra8 48. Ra1 Nb6 49. Nc3 Rf8 50. Nxa4 Nxa4 51. Rxa4 Rf3+ 52. Ke2 Rxg3 53. Ra7+ Kd8 54. Ra6 Kc7 55. Ra7+ Kc8 56. Ra6 Kc7 57. Ra7+ Kc8 58. Ra6 1/2-1/2

[Event "Cattolica op"]
[Site "Cattolica"]
[Date "2005.06.14"]
[Round "4"]
[White "Sautto, Daniele"]
[Black "Isonzo, Davide"]
[Result "0-1"]
[WhiteElo "2119"]
[BlackElo "2325"]
[PlyCount "44"]
[EventDate "2005.06.11"]
[EventType "swiss"]
[EventRounds "9"]
[EventCountry "ITA"]
[SourceTitle "EXT 2007"]
[Source "ChessBase"]
[SourceDate "2006.11.23"]
[SourceVersion "1"]
[SourceVersionDate "2006.11.23"]
[SourceQuality "1"]

1. e4 e5 2. Nf3 Nc6 3. Bb5 a6 4. Ba4 Nf6 5. 0-0 Be7 6. Re1 b5 7. Bb3 0-0 8. c3 d5 9. exd5 Nxd5 10. Nxe5 Nxe5 11. Rxe5 c6 12. d4 Bd6 13. Re1 Qh4 14. g3 Qh3 15. Be3 Bg4 16. Qd3 Rfe8 17. Nd2 Re6 18. a4 f5 19. Qf1 Qh5 20. f4 bxa4 21. Bxd5 cxd5 22. Rxa4 Qe8 0-1

[Event "Cattolica op"]
[Site "Cattolica"]
[Date "2005.06.11"]
[Round "1"]
[White "De Toma, Francesco"]
[Black "Sautto, Daniele"]
[Result "0-1"]
[WhiteElo "1780"]
[BlackElo "2119"]
[PlyCount "47"]
[EventDate "2005.06.11"]
[EventType "swiss"]
[EventRounds "9"]
[EventCountry "ITA"]
[SourceTitle "EXT 2007"]
[Source "ChessBase"]
[SourceDate "2006.11.23"]
[SourceVersion "1"]
[SourceVersionDate "2006.11.23"]
[SourceQuality "1"]

1. e4 c5 2. Nf3 e6 3. d3 Nc6 4. g3 g6 5. Bg2 Bg7 6. c3 Nge7 7. Nbd2 0-0 8. 0-0 d5 9. Qc2 b5 10. a4 b4 11. Nb3 c4 12. dxc4 Ba6 13. cxd5 exd5 14. Rd1 Bc4 15. Nc5 Qa5 16. Nb7 Qc7 17. Nc5 bxc3 18. bxc3 Qa5 19. Nb7 Qxc3 20. Qxc3 Bxc3 21. Ra3 Bb4 22. Nd2 Ba6 23. Rb3 Bxb7 24. Rxb4 0-1

[Event "Cutro op-A 11th"]
[Site "Cutro"]
[Date "2005.05.01"]
[Round "9"]
[White "Van Hoolandt, Patrick"]
[Black "Sautto, Daniele"]
[Result "0-1"]
[WhiteElo "2181"]
[BlackElo "2119"]
[PlyCount "96"]
[EventDate "2005.04.23"]
[EventType "swiss"]
[EventRounds "9"]
[EventCountry "ITA"]
[SourceTitle "CBM 106 Extra"]
[Source "ChessBase"]
[SourceDate "2005.07.01"]
[SourceVersion "1"]
[SourceVersionDate "2005.07.01"]
[SourceQuality "1"]

1. d4 d5 2. c4 e6 3. Nf3 Nf6 4. Nc3 Be7 5. Qc2 0-0 6. cxd5 exd5 7. Bg5 Nbd7 8. e3 Re8 9. Bd3 c6 10. h3 h6 11. Bf4 Nf8 12. 0-0 Bd6 13. Bxd6 Qxd6 14. Rab1 N6h7 15. Ne5 f6 16. Ng6 Ng5 17. f4 Ne4 18. Nxf8 Nxc3 19. bxc3 Kxf8 20. e4 dxe4 21. Bxe4 Re7 22. f5 b6 23. Bf3 Bd7 24. Rbd1 Rae8 25. Bh5 Rd8 26. c4 Be8 27. c5 Qg3 28. Bf3 Qf4 29. Bg4 Qe3+ 30. Qf2 Qxf2+ 31. Kxf2 bxc5 32. dxc5 Rxd1 33. Rxd1 Re5 34. Rd8 Rxc5 35. Kg3 Ke7 36. Rb8 Ra5 37. Rb7+ Bd7 38. Rb2 Kd6 39. Kf4 h5 40. Rd2+ Kc7 41. Bf3 Rxf5+ 42. Ke4 Ra5 43. Kd4 h4 44. Kc3 Bxh3 45. Kb4 Rb5+ 46. Ka4 Bd7 47. a3 Be6 48. Rd3 Kb6 0-1

[Event "Cutro op-A 11th"]
[Site "Cutro"]
[Date "2005.04.30"]
[Round "8"]
[White "Sautto, Daniele"]
[Black "Voiska, Margarita"]
[Result "0-1"]
[WhiteElo "2119"]
[BlackElo "2340"]
[PlyCount "72"]
[EventDate "2005.04.23"]
[EventType "swiss"]
[EventRounds "9"]
[EventCountry "ITA"]
[SourceTitle "CBM 106 Extra"]
[Source "ChessBase"]
[SourceDate "2005.07.01"]
[SourceVersion "1"]
[SourceVersionDate "2005.07.01"]
[SourceQuality "1"]

1. e4 c5 2. c3 Nf6 3. e5 Nd5 4. d4 e6 5. Nf3 cxd4 6. Qxd4 Nc6 7. Qe4 Qc7 8. Nbd2 f5 9. exf6 Nxf6 10. Qh4 Be7 11. Bd3 Ne5 12. Bc2 0-0 13. Ne4 Nxe4 14. Qxe4 Nxf3+ 15. gxf3 Rf5 16. Be3 Qe5 17. Qg4 Rg5 18. Qe4 Qxe4 19. fxe4 Rh5 20. 0-0-0 d6 21. Bb3 Kf8 22. f4 b6 23. Rhf1 Rxh2 24. e5 d5 25. f5 Ke8 26. fxe6 Bxe6 27. c4 Rc8 28. Kb1 Rxc4 29. Bxc4 dxc4 30. Rh1 Bf5+ 31. Ka1 Rxh1 32. Rxh1 Kd7 33. a4 Ke6 34. Bd4 Be4 35. Rg1 g5 36. Be3 Kf5 0-1

[Event "Cutro op-A 11th"]
[Site "Cutro"]
[Date "2005.04.25"]
[Round "3"]
[White "Marholev, Dimitar"]
[Black "Sautto, Daniele"]
[Result "1-0"]
[WhiteElo "2395"]
[BlackElo "2119"]
[PlyCount "45"]
[EventDate "2005.04.23"]
[EventType "swiss"]
[EventRounds "9"]
[EventCountry "ITA"]
[SourceTitle "CBM 106 Extra"]
[Source "ChessBase"]
[SourceDate "2005.07.01"]
[SourceVersion "1"]
[SourceVersionDate "2005.07.01"]
[SourceQuality "1"]

1. e4 d5 2. exd5 Qxd5 3. Nc3 Qe5+ 4. Be2 c6 5. Nf3 Qc7 6. 0-0 Bf5 7. d4 e6 8. Ne5 Nf6 9. g4 Bg6 10. f4 Bd6 11. f5 Nbd7 12. fxg6 hxg6 13. Bf4 g5 14. Bg3 0-0-0 15. Qe1 Nxe5 16. dxe5 Bxe5 17. Bxe5 Qxe5 18. Qg3 Qc5+ 19. Kh1 Rh4 20. Rf2 Rd2 21. Rd1 Rxe2 22. Qd3 Nd5 23. Ne4 1-0

[Event "Cutro op-A 11th"]
[Site "Cutro"]
[Date "2005.04.23"]
[Round "1"]
[White "Starostits, Ilmars"]
[Black "Sautto, Daniele"]
[Result "1-0"]
[WhiteElo "2450"]
[BlackElo "2119"]
[PlyCount "69"]
[EventDate "2005.04.23"]
[EventType "swiss"]
[EventRounds "9"]
[EventCountry "ITA"]
[SourceTitle "CBM 106 Extra"]
[Source "ChessBase"]
[SourceDate "2005.07.01"]
[SourceVersion "1"]
[SourceVersionDate "2005.07.01"]
[SourceQuality "1"]

1. Nf3 d5 2. g3 Nf6 3. Bg2 e6 4. 0-0 Be7 5. c4 0-0 6. b3 b6 7. Bb2 Bb7 8. d4 dxc4 9. bxc4 c5 10. e3 cxd4 11. exd4 Nc6 12. Nbd2 Rc8 13. Qe2 Na5 14. Rac1 Ba6 15. Ne5 Nd7 16. Nb3 Nxe5 17. Nxa5 bxa5 18. dxe5 Qd7 19. Be4 Qa4 20. Bd3 Qxa2 21. Rc3 Qa4 22. Ra1 Qc6 23. Be4 Qc7 24. h4 Bb4 25. Rc2 Bxc4 26. Qg4 Qe7 27. h5 Bb3 28. Re2 Bc3 29. Ba3 Bb4 30. Bb2 Bc3 31. h6 g6 32. Ba3 Bb4 33. Bxb4 axb4 34. Qf3 Rc7 35. Qxb3 1-0